000 nam a22 a 4500
999 _c390318
_d390318
003 BLK
005 20221208030815.0
008 180412b bul|||||r ||||||| ||bul||
010 _aKNG00009308000
040 _aBLK
041 _aFRE
_cFRE
080 _aГражданско право
_b347
_z347(450)
_x(450)
080 _aГражданско право
_b347
_z347(44)
_x(44)
100 _aHuc, Théophile
_eпърви автор
_9435353
139 _aHuc, Théophile
245 1 0 _a Le Code civil italien et le Code Napoléon, études de législation comparée
_cThéophile Huc.
_bT. I-II
_nT. I
_pEtudes de législation comparée
245 1 0 _aSuivie d'une traduction complète du Code civil italien, annoté et augmenté d'une Conférence de ses articles avec láncien Code Sarde et le Code Napoleon
_cJoseph Orsier
250 _a2. Ed. considérablement augm.
257 _aFRA
260 _aParis
_bCotillon, Libr. du conseil d'etat
_c1868
_9435355
300 _c21 cm
380 _a3
490 _aКолекция Редки и ценни издания
_9435080
650 0 _aГраждански процесуален кодекс - Франция
_9435307
650 0 _aГраждански процесуален кодекс - Италия
_9435357
653 _aграждански процес
653 0 _aНаполеонов кодекс
_9435356
760 1 _aHuc, Théophile
_dParis, 1868
_h375 p.
_tТ. I. Etudes de législation comparée
852 _aРф 868
_bРц
856 4 _qpdf
_u
856 4 _qpdf
_u
942 _cKNG
_n0
_s1
944 _aCR
_c2020-10-19
_kТД
944 _aED
_c23.06.2005
999 _d390318
999 _d390318
999 _d390300
999 _d390300
999 _d390291
999 _d390291
999 _d7973
999 _d7973
999 _d7973